Science Quiz

Random Science or Clickable Quiz

Cloud pratcice quiz Stats

 Plays Quiz not verified by Sporcle

Also try: Isogram Elements
Challenge
Share
Tweet
Score 0/8 Timer 20:00
0 Plays Today
% Correct
air mass gets its____ and_____ from water or land it came from?
85.1%
These clouds cover the whole sky
73.6%
This cloud is fluffy
63.2%
This cloud is thin and feathery
63.2%
Warm and Wet Front
55.2%
Cold and Dry Front
54%
Warm and Dry Front
51.7%
Cold and Wet Front
47.1%

You're not logged in!

Compare scores with friends on all Sporcle quizzes.
Join for Free
OR
Log In

You Might Also Like...

Show Comments

Extras

Created Dec 3, 2013ReportNominate
Tags:Clickable Quiz, cloud, identify

Top Quizzes Today


Score Distribution

Your Account Isn't Verified!

In order to create a playlist on Sporcle, you need to verify the email address you used during registration. Go to your Sporcle Settings to finish the process.

Report this User

Report this user for behavior that violates our Community Guidelines.

Details: